| 000 | 01220nam a2200373 i 4500 | ||
|---|---|---|---|
| 001 | 19791 | ||
| 003 | KOSZ 005 | ||
| 005 | 20200212082152.0 | ||
| 008 | 000320s1980 pl a f f |001 0 pol | ||
| 015 | _aPB 1980/10590 | ||
| 035 | _a991013595259705066 | ||
| 035 | _a(PL-WaBN)b13661085-48omnis_nlop | ||
| 035 | _ab13661085 | ||
| 035 | _a(OCoLC)749630516 | ||
| 035 | _a(PL)b0000001366108 | ||
| 035 | _a(EXLNZ-48OMNIS_NETWORK)9910016513405606 | ||
| 040 |
_aWA N _cWA N _dKOSZ 005/HR |
||
| 046 | _k1980 | ||
| 080 | _a519.85 | ||
| 080 | _a(075.8) | ||
| 100 | 1 |
_aNykowski, Ireneusz _d(1930-2004) _eAutor |
|
| 245 | 1 | 0 |
_aProgramowanie liniowe / _cIreneusz Nykowski. |
| 260 |
_aWarszawa : _bPańst. Wydaw. Ekonomiczne, _c1980. |
||
| 300 |
_a462, [2] s. : _bil. tab. wykr. ; _c21 cm. |
||
| 380 | _aKsiążki | ||
| 504 | _aBibliogr. s. 453-456. - Indeks. | ||
| 650 | 7 |
_aProgramowanie liniowe _2DBN |
|
| 655 | 7 |
_aPodręczniki akademickie _2DBN |
|
| 658 | _aMatematyka | ||
| 710 | 2 |
_aPaństwowe Wydawnictwo Ekonomiczne _4pbl |
|
| 856 |
_uhttp://koha.tu.koszalin.pl/cgi-bin/koha/opac-detail.pl?biblionumber=19791 _yKatalog online BPK |
||
| 942 |
_2UKD _cKS |
||
| 999 |
_c19791 _d19791 |
||